Normal view
MARC view
- World Customs Organization
Entry Corporate Name
001 - CONTROL NUMBER
- control field: 6656
003 - CONTROL NUMBER IDENTIFIER
- control field: OSt
005 - DATE AND TIME OF LATEST TRANSACTION
- control field: 20170522094818.0
008 - FIXED-LENGTH DATA ELEMENTS
- fixed length control field: 170522|| aca||aabn | a|a d
040 ## - CATALOGING SOURCE
- Original cataloging agency: OSt
- Transcribing agency: OSt
110 ## - HEADING--CORPORATE NAME
- Corporate name or jurisdiction name as entry element: World Customs Organization
- Subordinate unit: WCO Asia Pacific
670 ## - SOURCE DATA FOUND
- Source citation: Work cat.: (OSt): World Customs Organization WCO Asia Pacific, REPORT OF THE 17th WCO ASIA PACIFIC REGIONAL CONTACT POINTS MEETING /, 2007

PORTAL AKMAL
E-MEL JKDM
AKMAL2U
G-BAM
u-PUSTAKA